Tilastot visalle PIKI-kirjastot

Klikkaa tästä pelataksesi tätä visaa!

Yleistilastot

  • Tätä visaa on pelattu 9 kertaa
  • Keskiarvotulos 31 / 57

Vastaustilastot

KuntaKirjasto% Oikein
HämeenkyröHämeenkyrö
83%
TampereHervanta
83%
IkaalinenIkaalinen
83%
JuupajokiJuupajoki
83%
KangasalaKangasala
83%
KihniöKihniö
83%
LempääläLempäälä
83%
Mänttä-VilppulaMänttä
83%
NokiaNokia
83%
OrivesiOrivesi
83%
PälkänePälkäne
83%
ParkanoParkano
83%
PirkkalaPirkkala
83%
PunkalaidunPunkalaidun
83%
RuovesiRuovesi
83%
TampereTampere
83%
AkaaToijala
83%
ValkeakoskiValkeakoski
83%
Mänttä-VilppulaVilppula
83%
VirratVirrat
83%
YlöjärviYlöjärvi
83%
TampereKämmenniemi
67%
SastamalaKarkku
67%
TampereLielahti
67%
SastamalaMouhijärvi
67%
TampereTesoma
67%
SastamalaVammala
67%
TampereHärmälä
50%
TampereKoilliskeskus
50%
YlöjärviKuru
50%
TampereNekala
50%
LempääläSääksjärvi
50%
TampereTerälahti
50%
OrivesiEräjärvi
33%
TampereKaukajärvi
33%
SastamalaKeikyä
33%
SastamalaKiikka
33%
SastamalaKiikoinen
33%
TampereKoivistonkylä
33%
KangasalaKuhmalahti
33%
LempääläKulju
33%
PälkäneLuopioinen
33%
TampereMessukylä
33%
TamperePeltolammi
33%
KangasalaSahalahti
33%
TampereSampola
33%
SastamalaStormi
33%
SastamalaSuodenniemi
33%
AkaaViiala
33%
YlöjärviViljakkala
33%
PirkkalaKirkonkylä
17%
Mänttä-VilppulaKolho
17%
TampereKoukkuniemi
17%
NokiaLinnavuori
17%
PirkkalaNuoliala
17%
PirkkalaToivio
17%
KangasalaVatiala
17%

Tulosjakauma

Persentiili vastausten määrän mukaan

Jokaisen tuloksen saaneiden osuus

Tuloshistoriasi

Et ole pelannut tätä visaa